Top 10 Pitchers by World Series Category - Statistics

General Stats
  • This quiz has been taken 52 times
    13 since last reset
  • The average score is 11 of 53
Answer Stats
Group # Answer % Correct
Games Pitched 24 Mariano Rivera
83%
Saves 11 Mariano Rivera
83%
Games Pitched 22 Whitey Ford
83%
Wins 10 Whitey Ford
83%
Strikeouts 94 Whitey Ford
83%
Strikeouts 50 Justin Verlander
75%
Games Pitched 13 Andy Pettitte
67%
Wins 5 Andy Pettitte
67%
Strikeouts 61 Sandy Koufax
67%
Wins 7 Bob Gibson
50%
Strikeouts 92 Bob Gibson
50%
Strikeouts 56 Andy Pettite
33%
Strikeouts 52 John Smoltz
33%
Wins 5 Catfish Hunter
25%
Wins 5 Christy Mathewson
25%
Games Pitched 16 Rollie Fingers
25%
Saves 6 Rollie Fingers
25%
Wins 7 Red Ruffing
17%
Strikeouts 61 Red Ruffing
17%
Games Pitched 15 Allie Reynolds
8%
Wins 7 Allie Reynolds
8%
Strikeouts 62 Allie Reynolds
8%
Saves 4 Allie Reynolds
8%
Saves 4 John Wettteland
8%
Saves 3 Jonathan Papelbon
8%
Wins 6 Lefty Gomez
8%
Wins 5 Three Finger Brown
8%
Games Pitched 15 Bob Turley
0%
Wins 6 Chief Bender
0%
Strikeouts 59 Chief Bender
0%
Games Pitched 14 Clay Carroll
0%
Games Pitched 13 Clem Labine
0%
Saves 3 Firpo Marberry
0%
Strikeouts 56 George Earnshaw
0%
Wins 5 Herb Pennock
0%
Saves 3 Herb Pennock
0%
Wins 5 Jack Coombs
0%
Games Pitched 16 Jeff Nelson
0%
Saves 4 Johnny Murphy
0%
Saves 3 Kent Tekulve
0%
Games Pitched 13 Mark Wohlers
0%
Games Pitched 20 Mike Stanton
0%
Saves 3 Neftalí Feliz
0%
Saves 4 Robb Nen
0%
Saves 3 Roy Face
0%
Games Pitched 16 Ryan Madson
0%
Saves 3 Sergio Romo
0%
Saves 3 Todd Worrell
0%
Saves 3 Troy Percival
0%
Saves 3 Tug McGraw
0%
Wins 5 Vic Raschi
0%
Wins 6 Waite Hoyt
0%
Saves 3 Will McEnaney
0%
No matching quizzes found
Score Distribution
Percent of People with Each Score
Percentile by Number Answered
Your Score History
You have not taken this quiz since the last reset